000 00586nam a22002177a 4500
001 00028708
005 20260406113924.0
008 260406b ag ||||| |||| 00| 0 spa d
020 _a8476727461
040 _aAR-CcCEOS
_bspa
_cAR-CcCEOS
041 _aspa
080 _a875-2
090 _bCAR
100 1 _aCardona Castro, Francisco-Luis
_91019
245 _aMitología romana /
_cFrancesc Lluís Cardona
250 _a1ª ed.
264 _aEspaña :
_bEdicomunicación,
_cc1992.
300 _a256 p. ;
_c19x12 cm.
655 0 _amitologia
_vromana
_91020
942 _2udc
_cBK
_n0
999 _c28741
_d28741